[Event "IX Weekend A"]
[Site "Gorgonzola ITA"]
[Date "2004.11.21"]
[Round "6"]
[White "Facchetti, Gianni"]
[Black "Cazzaniga, Walter"]
[Result "0-1"]
[WhiteElo "2203"]
[BlackElo "2077"]
[PlyCount "90"]
[EventDate "2004.11.13"]

1.e4 e6 2.d4 d5 3.exd5 exd5 4.Qf3 Nf6 5.h3 Nc6 6.c3 Be7 7.Bd3 O-O 8.Ne2 
Be6 9.Bf4 Qd7 10.Nd2 Na5 11.O-O b6 12.Rfe1 c5 13.Be5 Nc6 14.Rad1 Rad8 15.
a3 Nxe5 16.dxe5 Ne8 17.Nf4 g6 18.Nxe6 fxe6 19.Qe2 Ng7 20.c4 d4 21.b3 Rf7 
22.Rf1 Rdf8 23.g3 Nf5 24.Rde1 a5 25.a4 Qc7 26.Kg2 Qb7+ 27.Qe4 Qd7 28.h4 
Qd8 29.Qg4 Kh8 30.Re2 Qd7 31.h5 g5 32.Qe4 Bd8 33.Nf3 Nh4+ 34.Nxh4 gxh4 35.
f4 Rg8 36.Rf3 Rfg7 37.f5 exf5 38.Qxf5 Qxf5 39.Bxf5 Rxg3+ 40.Rxg3 Rxg3+ 41.
Kf2 h6 42.e6 Be7 43.Bg6 Kg7 44.Kf1 Kf6 45.Bf7 d3 0-1

[Event "IX Weekend A"]
[Site "Gorgonzola ITA"]
[Date "2004.11.21"]
[Round "6"]
[White "Pace, Pietro Dario"]
[Black "Astengo, Corrado"]
[Result "1-0"]
[WhiteElo "2130"]
[BlackElo "2134"]
[PlyCount "89"]
[EventDate "2004.11.13"]

1.e4 d6 2.d4 Nf6 3.Nc3 e5 4.Nf3 exd4 5.Qxd4 Nc6 6.Bb5 Bd7 7.Bxc6 Bxc6 8.
Bf4 Be7 9.O-O-O O-O 10.h3 Nh5 11.Bd2 Bf6 12.Qc4 Bxc3 13.Bxc3 Nf6 14.Rhe1 
Re8 15.e5 d5 16.Qf4 Nd7 17.Qg3 Re6 18.Nh4 Rh6 19.Nf5 Rg6 20.Qd3 Nf8 21.g3 
Qd7 22.Nh4 Rh6 23.f4 Rd8 24.f5 Bb5 25.Qe3 Rxh4 26.gxh4 Qxf5 27.Qxa7 Bc6 
28.Qe3 Ne6 29.h5 Qxh5 30.Rg1 Ra8 31.a3 Ra4 32.Bb4 Ra8 33.Rg4 d4 34.Qg3 Re8
35.Rg1 g6 36.Rf1 Bb5 37.Rf2 Qh6+ 38.Bd2 Qg7 39.h4 Rd8 40.h5 Rd5 41.hxg6 
hxg6 42.Rf6 Be8 43.Rh4 Qf8 44.Qh2 Qg7 45.Bh6 1-0

[Event "IX Weekend A"]
[Site "Gorgonzola ITA"]
[Date "2004.11.21"]
[Round "6"]
[White "Pepe, Mario"]
[Black "D'Apa, Stefano"]
[Result "1/2-1/2"]
[WhiteElo "2151"]
[BlackElo "2165"]
[PlyCount "70"]
[EventDate "2004.11.13"]

1.e4 e6 2.d3 d5 3.Nd2 Nf6 4.g3 c5 5.Bg2 Nc6 6.Ngf3 Be7 7.O-O O-O 8.Re1 Qc7
9.Qe2 b5 10.Nf1 d4 11.a4 b4 12.N1d2 Ba6 13.Nh4 Nd7 14.Kh1 Rae8 15.b3 Bxh4 
16.gxh4 Nce5 17.h5 f5 18.f4 Ng4 19.e5 Ne3 20.Nf3 Nxg2 21.Kxg2 Bb7 22.Kf2 
Nb6 23.Rg1 Kh8 24.Nh4 Rf7 25.Bd2 Nd5 26.Rg5 h6 27.Rg6 Qd8 28.Nf3 Nc7 29.
Rag1 Bxf3 30.Qxf3 Qh4+ 31.Kg2 Nd5 32.Kh1 Qe7 33.Qg3 Qf8 34.h3 Ree7 35.Qg2 
a5 1/2-1/2

[Event "IX Weekend A"]
[Site "Gorgonzola ITA"]
[Date "2004.11.21"]
[Round "6"]
[White "Piantoni, Roberto"]
[Black "Montani, Francesco"]
[Result "0-1"]
[WhiteElo "2133"]
[BlackElo "2201"]
[PlyCount "120"]
[EventDate "2004.11.13"]

1.d4 Nf6 2.Bg5 Ne4 3.h4 c5 4.dxc5 Na6 5.Nd2 Naxc5 6.Nxe4 Nxe4 7.Nf3 d5 8.
Nd2 Nxd2 9.Bxd2 e5 10.e4 d4 11.c3 Bd7 12.Qh5 Bd6 13.cxd4 Qb6 14.Bc4 O-O 
15.dxe5 Qxb2 16.O-O Qxe5 17.Qxe5 Bxe5 18.Rab1 Bc6 19.Bd5 Bxd5 20.exd5 b6 
21.Rfe1 f6 22.Be3 Rfd8 23.Red1 Rac8 24.Rb3 Rc2 25.Ra3 Rd7 26.g3 Kf7 27.Kg2
Bd6 28.Ra4 Bc5 29.Bxc5 Rxc5 30.Rad4 Rd6 31.a4 Ke7 32.Re1+ Kd7 33.Red1 Kc7 
34.R1d2 Rd7 35.R2d3 Kd6 36.Kf3 Re7 37.h5 Re5 38.Rg4 Rc7 39.h6 g6 40.Rf4 f5
41.g4 Rc5 42.gxf5 gxf5 43.Kg2 Rcxd5 44.Rg3 Re7 45.Rg8 Ke5 46.Rf3 Rd4 47.
Rf8 f4 48.a5 bxa5 49.Kh3 Re6 50.Rf7 Rxh6+ 51.Kg4 Rg6+ 52.Kh5 a6 53.Rxh7 
Rg2 54.Re7+ Kf6 55.Rc7 Rg5+ 56.Kh4 Re5 57.Rc8 a4 58.Kg4 Rg5+ 59.Kh4 Rg2 
60.Rc6+ Kf5 0-1

[Event "IX Weekend A"]
[Site "Gorgonzola ITA"]
[Date "2004.11.21"]
[Round "6"]
[White "Radice, Luca"]
[Black "Bonade', Massimo"]
[Result "1-0"]
[WhiteElo "2082"]
[BlackElo "2093"]
[PlyCount "51"]
[EventDate "2004.11.13"]

1.d4 d5 2.c4 e6 3.Nc3 Nf6 4.Bg5 Be7 5.e3 O-O 6.Nf3 h6 7.Bxf6 Bxf6 8.h4 
dxc4 9.Qc2 c5 10.O-O-O cxd4 11.Nxd4 Qa5 12.g4 Bxd4 13.exd4 e5 14.g5 exd4 
15.Rxd4 Bf5 16.Qd2 Bd3 17.gxh6 g6 18.Bxd3 cxd3 19.Rd5 Qc7 20.Qg5 Kh7 21.
Qf6 Rg8 22.Rxd3 Na6 23.Rhd1 Nb4 24.Rd7 Nxa2+ 25.Kc2 Nb4+ 26.Kb1 1-0

[Event "IX Weekend A"]
[Site "Gorgonzola ITA"]
[Date "2004.11.21"]
[Round "6"]
[White "Ranola, Yves"]
[Black "Mrdja, Milan"]
[Result "1/2-1/2"]
[WhiteElo "2449"]
[BlackElo "2420"]
[PlyCount "60"]
[EventDate "2004.11.13"]

1.c4 e5 2.g3 Nc6 3.Bg2 g6 4.Nc3 Bg7 5.e4 d6 6.Nge2 Be6 7.d3 Qd7 8.Nd5 f5 
9.exf5 gxf5 10.Bg5 Nd8 11.d4 Nf7 12.Bh4 Bxd5 13.cxd5 Bf6 14.Bxf6 Nxf6 15.
Rc1 h5 16.Qc2 O-O-O 17.h4 Kb8 18.O-O f4 19.dxe5 dxe5 20.Nc3 Nd6 21.Na4 b6 
22.b4 e4 23.Nc5 bxc5 24.bxc5 f3 25.cxd6 Qxd6 26.Qb2+ Qb6 27.Qa1 fxg2 28.
Rfd1 Nxd5 29.Rxd5 Rxd5 30.Qxh8+ Kb7 1/2-1/2

[Event "IX Weekend A"]
[Site "Gorgonzola ITA"]
[Date "2004.11.21"]
[Round "6"]
[White "Salami, Marco"]
[Black "Gabetto, Flaviano"]
[Result "1/2-1/2"]
[WhiteElo "2170"]
[BlackElo "2128"]
[PlyCount "59"]
[EventDate "2004.11.13"]

1.e4 e6 2.d3 c5 3.g3 Nc6 4.Bg2 g6 5.Nc3 Bg7 6.Nge2 Nge7 7.O-O O-O 8.Be3 
Nd4 9.Qd2 Rb8 10.Nd1 Nxe2+ 11.Qxe2 d6 12.c3 Nc6 13.f4 f5 14.Nf2 Qb6 15.
Rab1 Qa6 16.a3 b5 17.Qc2 Rd8 18.b4 cxb4 19.axb4 d5 20.exd5 exd5 21.Qb3 Be6
22.Ra1 Qb7 23.Bc5 Ra8 24.Rfe1 Bf7 25.d4 a5 26.bxa5 Nxa5 27.Qb1 Nc4 28.Rxa8
Rxa8 29.Nd3 Nd2 30.Qc2 1/2-1/2

[Event "IX Weekend A"]
[Site "Gorgonzola ITA"]
[Date "2004.11.21"]
[Round "6"]
[White "Sbarra, Marco"]
[Black "Salvador, Roland"]
[Result "0-1"]
[WhiteElo "2231"]
[BlackElo "2315"]
[PlyCount "128"]
[EventDate "2004.11.13"]

1.d4 d5 2.c4 dxc4 3.Nf3 Nf6 4.e3 e6 5.Bxc4 c5 6.O-O a6 7.e4 b5 8.Bd3 Bb7 
9.Re1 Be7 10.a4 c4 11.Bc2 O-O 12.axb5 axb5 13.Rxa8 Bxa8 14.Nc3 b4 15.e5 
bxc3 16.exf6 Bxf6 17.bxc3 Qa5 18.Re3 Rd8 19.Nd2 Bd5 20.Ne4 Be7 21.Qh5 g6 
22.Qh6 Bxe4 23.Rh3 Bg5 24.Qxg5 Qxg5 25.Bxg5 Rd5 26.Bxe4 Rxg5 27.Re3 Ra5 
28.f4 Nd7 29.Bf3 Nb6 30.Kf2 Kf8 31.Re2 Ra3 32.Rb2 Rb3 33.Rc2 Ke7 34.g3 h5 
35.Ke2 Nc8 36.Kd2 Nd6 37.Bc6 h4 38.Bg2 Nb5 39.Bf1 Na3 40.Ra2 Kf6 41.Be2 h3
42.Bf1 Nb1+ 43.Kc2 Na3+ 44.Kd2 Kg7 45.Be2 Kf6 46.Bf1 g5 47.fxg5+ Kxg5 48.
Bxh3 Nb1+ 49.Kc2 Nxc3 50.Ra5+ Nb5 51.Bf1 f5 52.Bxc4 Nxd4+ 53.Kd2 Nf3+ 54.
Ke2 Nd4+ 55.Kd2 Rf3 56.Ra6 e5 57.h4+ Kh5 58.Bf7+ Kg4 59.Rg6+ Kh3 60.h5 e4 
61.h6 e3+ 62.Ke1 e2 63.Kd2 Rf1 64.Re6 Rd1+ 0-1

[Event "IX Weekend A"]
[Site "Gorgonzola ITA"]
[Date "2004.11.21"]
[Round "6"]
[White "Vancini, Edoardo"]
[Black "Martinez, Rolly"]
[Result "0-1"]
[WhiteElo "2288"]
[BlackElo "2360"]
[PlyCount "98"]
[EventDate "2004.11.13"]

1.e4 c5 2.Nc3 Nc6 3.g3 g6 4.Bg2 Bg7 5.d3 Rb8 6.Be3 d6 7.Qd2 b5 8.Nge2 b4 
9.Nd1 Nd4 10.O-O e5 11.Nc1 Ne7 12.c3 Ne6 13.Bh6 O-O 14.Bxg7 Kxg7 15.Ne3 f5
16.exf5 gxf5 17.f4 exf4 18.gxf4 Ng6 19.Ne2 Nh4 20.Bd5 Nc7 21.Bh1 Be6 22.d4
bxc3 23.bxc3 h6 24.Rab1 Qe7 25.Ng3 Kh7 26.Qd3 Qf7 27.dxc5 dxc5 28.Qd6 Nb5 
29.Qxc5 Rfc8 30.Qb4 Rb6 31.c4 Nd6 32.Qa3 Nxc4 33.Nxc4 Rxc4 34.Rxb6 axb6 
35.Qd6 Ng6 36.Nh5 b5 37.Re1 Qa7+ 38.Kf1 Rc2 39.Nf6+ Kg7 40.Nh5+ Kh8 41.
Qd8+ Bg8 42.Re3 Rc1+ 43.Kg2 Nh4+ 44.Qxh4 Bd5+ 45.Rf3 Bxf3+ 46.Kxf3 Rc3+ 
47.Ke2 Qxa2+ 48.Kd1 Qb1+ 49.Ke2 Qb2+ 0-1

[Event "VII Weekend A"]
[Site "Porto Sant'Elpidio ITA"]
[Date "2004.11.13"]
[Round "1"]
[White "Bruno, Fabio"]
[Black "Miandro, Roberto"]
[Result "1-0"]
[WhiteElo "2368"]
[BlackElo "2024"]
[PlyCount "75"]
[EventDate "2004.11.13"]

1. d4 d5 2. Nf3 c5 3. e3 e6 4. b3 Nf6 5. Bd3 Nc6 6. O-O Be7 7. Bb2 O-O 8. c4
Nb4 9. Be2 b6 10. Nc3 Bb7 11. Ne5 Ne4 12. Nxe4 dxe4 13. dxc5 bxc5 14. a3 Nc6
15. Nd7 Re8 16. Qd2 Qc7 17. Rfd1 Bc8 18. Bg4 Rd8 19. Qc3 e5 20. Nxe5 Nxe5 21.
Bxc8 Bf6 22. Rxd8+ Qxd8 23. Bb7 Nd3 24. Qc2 Nxb2 25. Bxa8 Qxa8 26. Rb1 Qd8 27.
Qxe4 g6 28. Qc2 Qd6 29. g3 Qe5 30. b4 Kg7 31. bxc5 Qxc5 32. Rxb2 Qxa3 33. Rb7
Qa1+ 34. Kg2 a5 35. Qe4 Qa3 36. Qe8 Qf8 37. Qxf8+ Kxf8 38. Ra7 1-0

[Event "VII Weekend A"]
[Site "Porto Sant'Elpidio ITA"]
[Date "2004.11.13"]
[Round "1"]
[White "Fioravanti, Diego"]
[Black "Marozzi, Giovanni"]
[Result "1/2-1/2"]
[WhiteElo "2170"]
[BlackElo "1964"]
[PlyCount "107"]
[EventDate "2004.11.13"]

1. e4 c6 2. d4 d5 3. exd5 cxd5 4. c4 dxc4 5. Nc3 e6 6. Bxc4 Nf6 7. Bg5 Be7 8.
Nf3 h6 9. Bh4 O-O 10. O-O Bd7 11. Qe2 Bc6 12. Rfd1 Nd5 13. Bxe7 Nxe7 14. Rac1
Bd5 15. Bd3 Nbc6 16. Bb1 Rc8 17. Ne4 Nf5 18. g4 Nfxd4 19. Nxd4 Nxd4 20. Qd3
Bxe4 21. Qxe4 f5 22. Rxc8 fxe4 23. Rxd8 Rxd8 24. Kg2 Nc6 25. Rxd8+ Nxd8 26.
Bxe4 Kf7 27. Kf3 Kf6 28. h4 g5 29. hxg5+ hxg5 30. Ke3 Ke5 31. b4 b6 32. a3 Nf7
33. Bg6 Nd6 34. Bd3 Ne8 35. f4+ gxf4+ 36. Kf3 Nd6 37. g5 Nf5 38. g6 Kf6 39.
Kxf4 Ne7 40. g7 Kxg7 41. Ke5 Kf7 42. Bc4 Ng6+ 43. Kd6 Nf8 44. Kc7 Ke7 45. Kb7
Kd6 46. Kxa7 Kc7 47. a4 e5 48. Bd3 Nd7 49. Bf5 Nf6 50. b5 Nd5 51. Bd3 Nc3 52.
a5 Nxb5+ 53. Bxb5 bxa5 54. Ka6 1/2-1/2

[Event "VII Weekend A"]
[Site "Porto Sant'Elpidio ITA"]
[Date "2004.11.13"]
[Round "1"]
[White "Fioravanti, Emidio"]
[Black "Padovani, Alessio"]
[Result "1-0"]
[WhiteElo "1910"]
[BlackElo "2107"]
[PlyCount "145"]
[EventDate "2004.11.13"]

1. e4 e5 2. Nf3 f5 3. Bc4 fxe4 4. Nxe5 Qg5 5. d4 Qxg2 6. Rf1 c6 7. Qh5+ g6 8.
Bf7+ Kd8 9. Bxg6 d6 10. Qg5+ Qxg5 11. Bxg5+ Kc7 12. Nf7 hxg6 13. Nxh8 Bf5 14.
Nf7 Bg7 15. Bf4 Bf8 16. Nc3 Kd7 17. O-O-O Nf6 18. d5 c5 19. Nb5 Ne8 20. Ng5 Na6
21. a3 Nf6 22. c4 Nc7 23. Nxc7 Kxc7 24. b4 b6 25. Ne6+ Bxe6 26. dxe6 Re8 27. f3
Nh5 28. Bg5 e3 29. Rfe1 Rxe6 30. Rxe3 Kd7 31. Rde1 Ng7 32. Rxe6 Nxe6 33. Be3
Be7 34. f4 Bf6 35. Rg1 Nf8 36. Kc2 Ke6 37. b5 Kf5 38. Rd1 Be7 39. Kd3 Ne6 40.
Rg1 Bf6 41. a4 Nc7 42. Rg2 d5 43. a5 d4 44. Bd2 Ne6 45. axb6 axb6 46. Rg1 Bd8
47. h3 Bc7 48. Rf1 Bd6 49. Ra1 Bxf4 50. Ra7 Bc7 51. Ra8 Bd8 52. Rb8 Bc7 53. Rh8
Be5 54. Rh7 Bg7 55. Ba5 bxa5 56. Rxg7 Nxg7 57. b6 a4 58. b7 a3 59. b8=Q a2 60.
Qa7 a1=Q 61. Qxa1 Ne6 62. Qa5 Nf4+ 63. Kd2 Ne6 64. Qb6 Ke5 65. Qc6 g5 66. Qd5+
Kf6 67. Qd6 Kf5 68. Qg3 Nf4 69. h4 gxh4 70. Qxh4 Ng6 71. Qh5+ Kf6 72. Qxc5 Ne5
73. Qxd4 1-0

[Event "VII Weekend A"]
[Site "Porto Sant'Elpidio ITA"]
[Date "2004.11.13"]
[Round "1"]
[White "Mircoli, Filippo"]
[Black "Giobbi, Costantino"]
[Result "0-1"]
[WhiteElo "1922"]
[BlackElo "1831"]
[PlyCount "69"]
[EventDate "2004.11.13"]

1. e4 d6 2. d4 Nf6 3. Nc3 g6 4. f4 Bg7 5. Nf3 O-O 6. Bd3 Na6 7. O-O c5 8. Bxa6
bxa6 9. dxc5 dxc5 10. Be3 Qc7 11. h3 Bb7 12. e5 Rad8 13. Qe2 Nd5 14. Nxd5 Rxd5
15. Rad1 Rfd8 16. Rxd5 Rxd5 17. Rd1 Qc6 18. c4 Rxd1+ 19. Qxd1 Qc7 20. Qe2 e6
21. Qf2 Bf8 22. Nd2 Qd7 23. Nb3 Qd3 24. Bxc5 Bh6 25. Na5 Ba8 26. Be7 Qb1+ 27.
Kh2 Qe4 28. Kg3 Qd3+ 29. Kh4 Qf5 30. Qxa7 Qxf4+ 31. g4 Bf8 32. Bxf8 Kxf8 33.
Qxa8+ Kg7 34. Qa7 Kh6 35. Qxf7 0-1

[Event "VII Weekend A"]
[Site "Porto Sant'Elpidio ITA"]
[Date "2004.11.13"]
[Round "1"]
[White "Paci, Stefano"]
[Black "Ljubisavljevic, Zivojin Z."]
[Result "0-1"]
[WhiteElo "2003"]
[BlackElo "2273"]
[PlyCount "72"]
[EventDate "2004.11.13"]

1. d4 d5 2. Nf3 c6 3. c4 e6 4. Nc3 f5 5. e3 Nf6 6. Bd3 Bd6 7. Qc2 Ne4 8. O-O
O-O 9. Rb1 a5 10. a3 Nd7 11. b4 axb4 12. axb4 g5 13. b5 g4 14. Ne1 Qh4 15. g3
Qh5 16. f4 gxf3 17. Nxf3 Kh8 18. Ne2 Rg8 19. Bxe4 fxe4 20. Ne1 Qh6 21. Ng2 Nf6
22. Ngf4 Ng4 23. Nc3 e5 24. dxe5 Nxe5 25. bxc6 bxc6 26. cxd5 Nf3+ 27. Kh1 Ba6
28. Bb2 Bxf1 29. Rxf1 Be5 30. Nxe4 Qg7 31. Nh5 Qh6 32. Nef6 Qg6 33. Qxg6 Rxg6
34. Bxe5 Nxe5 35. d6 Rf8 36. d7 Nxd7 0-1

[Event "VII Weekend A"]
[Site "Porto Sant'Elpidio ITA"]
[Date "2004.11.14"]
[Round "2"]
[White "Bastarelli, Giuseppe"]
[Black "Bruno, Fabio"]
[Result "0-1"]
[WhiteElo "2089"]
[BlackElo "2368"]
[PlyCount "80"]
[EventDate "2004.11.13"]

1. Nf3 d5 2. d4 c6 3. e3 Bg4 4. c4 e6 5. Nbd2 f5 6. Qb3 Qc7 7. Ne5 Nf6 8. cxd5
cxd5 9. Bd3 Nc6 10. f4 Bd6 11. O-O O-O 12. a3 Bxe5 13. fxe5 Ne4 14. Qc2 Qe7 15.
Nb3 Rac8 16. Qb1 Qg5 17. Kh1 Qh6 18. Bxe4 fxe4 19. Bd2 Be2 20. Rf4 Bc4 21. Qc2
b6 22. Rd1 Rxf4 23. exf4 Bxb3 24. Qxb3 Nxd4 25. Qa4 Qh5 26. Re1 Nc6 27. b4 Qf7
28. Rc1 Qb7 29. b5 Na5 30. Qd1 Rxc1 31. Qxc1 Nc4 32. Bb4 e3 33. Kg1 Qf7 34. Qf1
Qf5 35. h3 Qe4 36. Qf3 Qxf3 37. gxf3 d4 38. Kf1 d3 39. f5 exf5 40. e6 g5 0-1

[Event "VII Weekend A"]
[Site "Porto Sant'Elpidio ITA"]
[Date "2004.11.14"]
[Round "2"]
[White "Giobbi, Costantino"]
[Black "Fioravanti, Diego"]
[Result "1/2-1/2"]
[WhiteElo "1831"]
[BlackElo "2170"]
[PlyCount "103"]
[EventDate "2004.11.13"]

1. d4 Nf6 2. Nf3 c5 3. e3 e6 4. c3 d5 5. Bd3 Nc6 6. O-O Bd6 7. dxc5 Bxc5 8.
Nbd2 O-O 9. e4 dxe4 10. Nxe4 Be7 11. Qe2 Qc7 12. Nxf6+ Bxf6 13. Bg5 Qe7 14.
Bxf6 Qxf6 15. Rad1 Ne7 16. Qe5 Qxe5 17. Nxe5 f6 18. Nc4 Nd5 19. Be4 Nf4 20. Bf3
Rb8 21. Rd6 e5 22. g3 Nh3+ 23. Kg2 Ng5 24. Bd5+ Kh8 25. Rd1 Bh3+ 26. Kg1 Bg4
27. Rd2 e4 28. Rc2 Rfd8 29. Rxd8+ Rxd8 30. Ne3 Bh3 31. Rc1 b6 32. Rd1 h5 33.
Bb3 Nf3+ 34. Kh1 Rxd1+ 35. Bxd1 Ne5 36. Bxh5 Be6 37. b3 Nd3 38. Bg6 Nc1 39.
Bxe4 Nxa2 40. c4 Nc3 41. Bf3 a5 42. Nd5 Nxd5 43. cxd5 Bd7 44. Kg2 Kg8 45. Kf1
b5 46. Ke1 a4 47. bxa4 bxa4 48. Kd2 Kf8 49. Kc3 Ke7 50. Kb4 Kd6 51. h4 Be8 52.
Be4 1/2-1/2

[Event "VII Weekend A"]
[Site "Porto Sant'Elpidio ITA"]
[Date "2004.11.14"]
[Round "2"]
[White "Ljubisavljevic, Zivojin Z."]
[Black "Fioravanti, Emidio"]
[Result "1-0"]
[WhiteElo "2273"]
[BlackElo "1910"]
[PlyCount "120"]
[EventDate "2004.11.13"]

1. e4 c5 2. Nc3 d6 3. f4 g6 4. Nf3 Nc6 5. Bb5 a6 6. Bxc6+ bxc6 7. d3 Bg7 8. Bd2
Rb8 9. b3 Nf6 10. O-O O-O 11. Qe1 Bg4 12. Qh4 Bxf3 13. Rxf3 e6 14. f5 Nh5 15.
Qxd8 Bd4+ 16. Kh1 Rfxd8 17. Raf1 exf5 18. exf5 d5 19. Na4 Rb5 20. fxg6 fxg6 21.
Rf7 c4 22. g4 Ng7 23. c3 Be5 24. d4 Bd6 25. Ra7 Bb8 26. Rxa6 cxb3 27. axb3 Rxb3
28. Rxc6 Ra3 29. Nb6 Ra2 30. Rf2 Bf4 31. Rxf4 Rxd2 32. Nxd5 Ra8 33. Rcf6 Ne8
34. Rf2 Nxf6 35. Nxf6+ Kg7 36. Rxd2 Kxf6 37. Kg2 Rc8 38. Rd3 Ke6 39. Kg3 Kd5
40. Re3 Kc4 41. Re5 Kd3 42. Rc5 Rd8 43. d5 Rd6 44. c4 g5 45. Rc6 Rd7 46. d6 Ke2
47. h4 h6 48. hxg5 hxg5 49. Rc5 Rxd6 50. Re5+ Kf1 51. Rxg5 Rd4 52. Rf5+ Ke2 53.
c5 Rc4 54. Kh4 Ke3 55. Kh5 Ke4 56. Rf1 Rxc5+ 57. g5 Rc2 58. Kh6 Ke5 59. g6 Rh2+
60. Kg7 Ke6 1-0

[Event "VII Weekend A"]
[Site "Porto Sant'Elpidio ITA"]
[Date "2004.11.14"]
[Round "2"]
[White "Marozzi, Giovanni"]
[Black "Paci, Stefano"]
[Result "1/2-1/2"]
[WhiteElo "1964"]
[BlackElo "2003"]
[PlyCount "158"]
[EventDate "2004.11.13"]

1. e4 c6 2. c4 d5 3. cxd5 cxd5 4. exd5 Qxd5 5. Nc3 Qa5 6. d4 e6 7. Nf3 Nf6 8.
Bc4 Be7 9. O-O O-O 10. Be3 Rd8 11. Qb3 Nc6 12. Rfd1 Qh5 13. Qc2 Nb4 14. Qe2
Nbd5 15. Ne5 Qxe2 16. Bxe2 Bd7 17. Rac1 Be8 18. Bf3 Rac8 19. Ne4 Nxe4 20. Bxe4
f6 21. Bxd5 exd5 22. Nd3 Kf7 23. Rxc8 Rxc8 24. Rc1 Rxc1+ 25. Bxc1 g5 26. f3 Bd6
27. g4 Bb5 28. Nf2 Be2 29. Kg2 Kg6 30. Nh1 Bc4 31. a3 h5 32. gxh5+ Kxh5 33.
Ng3+ Kg6 34. h3 Bd3 35. Bd2 f5 36. Nf1 Bxf1+ 37. Kxf1 Kh5 38. Kg2 g4 39. f4 Be7
40. Be1 Bh4 41. Bg3 Bf6 42. Bf2 Bd8 43. Be1 Bf6 44. Bf2 Kg6 45. Be3 gxh3+ 46.
Kxh3 Kf7 47. Kg3 Ke6 48. Kf3 Kd7 49. Ke2 Kc6 50. Kd3 Kb5 51. b3 a5 52. Kc3 a4
53. b4 Bh4 54. Bd2 Bf2 55. Kd3 b6 56. Kc3 Kc6 57. Kd3 Kd7 58. Bc3 Kc6 59. Bd2
Kd6 60. Bc3 Ke6 61. Ke2 Bh4 62. Kf3 Kf7 63. Bb2 Kg6 64. Bc3 Kh5 65. Bd2 Bf6 66.
Be3 Kh4 67. Bf2+ Kh3 68. Be3 Bh4 69. Bd2 Kh2 70. Bc3 Kg1 71. Bd2 Kf1 72. Bc3 b5
73. Bd2 Be1 74. Be3 Bxb4 75. axb4 a3 76. Bc1 a2 77. Bb2 Ke1 78. Ke3 Kf1 79. Kf3
Ke1 1/2-1/2

[Event "VII Weekend A"]
[Site "Porto Sant'Elpidio ITA"]
[Date "2004.11.14"]
[Round "2"]
[White "Padovani, Alessio"]
[Black "Mircoli, Filippo"]
[Result "1/2-1/2"]
[WhiteElo "2107"]
[BlackElo "1922"]
[PlyCount "102"]
[EventDate "2004.11.13"]

1. c4 c5 2. g3 e6 3. Bg2 Nf6 4. d4 d5 5. Nf3 Nc6 6. O-O Be7 7. Bf4 Nh5 8. Be3
cxd4 9. Nxd4 O-O 10. c5 e5 11. Nxc6 bxc6 12. Bc1 Bxc5 13. e4 Nf6 14. Qc2 Qb6
15. Nc3 Qd8 16. Bg5 d4 17. Rad1 Be7 18. Na4 Qd6 19. f4 Bd7 20. fxe5 Qxe5 21.
Bf4 Qb5 22. Rxd4 c5 23. Nc3 Qb6 24. Rd2 Bc6 25. Rfd1 Ng4 26. h3 c4+ 27. Kh1 Ne3
28. Bxe3 Qxe3 29. Nd5 Bxd5 30. Rxd5 Qxg3 31. Qxc4 Rac8 32. Qa4 Bf6 33. R5d3 Qf2
34. R3d2 Qf4 35. Qxa7 Be5 36. Qg1 Qh4 37. Qf2 Qg5 38. Rd5 Rc1 39. b4 Rfc8 40.
Qf3 Rxd1+ 41. Rxd1 Rc1 42. Rxc1 Qxc1+ 43. Qf1 Qc3 44. b5 Qg3 45. Qg1 Bf4 46. a4
g6 47. a5 Be3 48. Qd1 Bf4 49. Kg1 Be3+ 50. Kh1 Bf4 51. Qg1 Be3 1/2-1/2

[Event "VII Weekend A"]
[Site "Porto Sant'Elpidio ITA"]
[Date "2004.11.14"]
[Round "3"]
[White "Bruno, Fabio"]
[Black "Ljubisavljevic, Zivojin Z."]
[Result "1/2-1/2"]
[WhiteElo "2368"]
[BlackElo "2273"]
[PlyCount "85"]
[EventDate "2004.11.13"]

1. d4 c5 2. e3 g6 3. Nf3 Bg7 4. Nbd2 cxd4 5. exd4 Nf6 6. Bd3 Nc6 7. O-O O-O 8.
Re1 d6 9. Nc4 Bg4 10. c3 Re8 11. h3 Bd7 12. a4 Rc8 13. Qb3 Na5 14. Nxa5 Qxa5
15. Qxb7 Rb8 16. Qa6 Qd5 17. Bc4 Qa8 18. Ng5 d5 19. Bb5 Rb6 20. Qa5 Qb7 21. Nf3
Ne4 22. c4 Bxb5 23. cxb5 a6 24. Qb4 axb5 25. a5 Rc6 26. Be3 e6 27. Rec1 Rec8
28. Rxc6 Rxc6 29. Ne5 Ra6 30. f3 Bf8 31. Qe1 Nd6 32. b4 Nc4 33. Nd3 Qc7 34. Bf4
Bd6 35. Bxd6 Qxd6 36. Qh4 Ra8 37. Kf2 e5 38. dxe5 Nxe5 39. Nxe5 Qxe5 40. Re1
Qc3 41. Re3 Qa1 42. Re1 Qc3 43. Re3 1/2-1/2

[Event "VII Weekend A"]
[Site "Porto Sant'Elpidio ITA"]
[Date "2004.11.14"]
[Round "3"]
[White "Fioravanti, Diego"]
[Black "Miandro, Roberto"]
[Result "1-0"]
[WhiteElo "2170"]
[BlackElo "2024"]
[PlyCount "107"]
[EventDate "2004.11.13"]

1. e4 c5 2. Nf3 d6 3. d4 cxd4 4. Nxd4 Nf6 5. Nc3 a6 6. Bc4 e6 7. Bb3 Be7 8. O-O
O-O 9. Be3 Qc7 10. f4 Nc6 11. Qf3 Bd7 12. Rad1 b5 13. a3 Na5 14. f5 Nc4 15.
Bxc4 bxc4 16. Kh1 Rab8 17. Bc1 e5 18. Nde2 Bc6 19. Ng3 Qb7 20. Qe2 d5 21. exd5
Nxd5 22. Nxd5 Bxd5 23. f6 Bc5 24. fxg7 Rfe8 25. Nf5 Re6 26. Nh6+ Rxh6 27. Bxh6
Re8 28. Rf5 Re6 29. Be3 Bxe3 30. Qxe3 Bxg2+ 31. Kg1 Be4 32. Rg5 Qe7 33. Rg3
Bxc2 34. Rc1 Bg6 35. Rxc4 Kxg7 36. b4 Qd7 37. Rc1 Qd5 38. h4 h5 39. Kh2 Qa2+
40. Rg2 Qd5 41. Rc5 Qd6 42. Qd2 Qb8 43. Qc3 Kh7 44. a4 Qd8 45. Rg5 Qd1 46.
Rcxe5 Rd6 47. Rg2 Rd3 48. Qe1 Qf3 49. Qg3 Qd1 50. Qf2 Rf3 51. Qe2 Qb3 52. b5
Rh3+ 53. Kg1 Qb1+ 54. Qe1 1-0

[Event "VII Weekend A"]
[Site "Porto Sant'Elpidio ITA"]
[Date "2004.11.14"]
[Round "3"]
[White "Fioravanti, Emidio"]
[Black "Giobbi, Costantino"]
[Result "1/2-1/2"]
[WhiteElo "1910"]
[BlackElo "1831"]
[PlyCount "109"]
[EventDate "2004.11.13"]

1. e4 d6 2. d4 Nf6 3. Nc3 g6 4. Bg5 h6 5. Bh4 Bg7 6. Bd3 Nc6 7. Nge2 e5 8. d5
Ne7 9. O-O g5 10. Bg3 Ng6 11. h3 Nh5 12. Bh2 Nhf4 13. Bb5+ Kf8 14. Nxf4 exf4
15. Qh5 Qf6 16. Be2 a6 17. Bg4 Bxg4 18. hxg4 Ne5 19. Ne2 Nd7 20. c3 Qe7 21. f3
Nf6 22. Qh3 h5 23. gxh5 Rxh5 24. Qf5 g4 25. Qxf4 Nxd5 26. Qxg4 Rh4 27. Qg3 Ne3
28. Rf2 Rh6 29. Nd4 c5 30. Nc2 Rg6 31. Nxe3 Rxg3 32. Bxg3 Be5 33. Nf5 Qe6 34.
f4 Bf6 35. Re1 b5 36. Nxd6 Qxd6 37. e5 Qd3 38. Rf3 Qd2 39. exf6 Re8 40. Rxe8+
Kxe8 41. Rf2 Qd1+ 42. Rf1 Qg4 43. Re1+ Kf8 44. Kf2 Kg8 45. Re5 Qd1 46. Rg5+ Kf8
47. Re5 Qd2+ 48. Re2 Qd6 49. Re5 Qxf6 50. Rxc5 Qd6 51. Re5 Qd2+ 52. Re2 Qd5 53.
Bh4 Kg7 54. g4 Qh1 55. Kg3 1/2-1/2

[Event "VII Weekend A"]
[Site "Porto Sant'Elpidio ITA"]
[Date "2004.11.14"]
[Round "3"]
[White "Marozzi, Giovanni"]
[Black "Bastarelli, Giuseppe"]
[Result "0-1"]
[WhiteElo "1964"]
[BlackElo "2089"]
[PlyCount "140"]
[EventDate "2004.11.13"]

1. e4 e6 2. c4 d5 3. cxd5 exd5 4. exd5 Nf6 5. Bb5+ Nbd7 6. Nc3 Be7 7. Nge2 O-O
8. Bxd7 Qxd7 9. Qb3 Rd8 10. O-O Nxd5 11. Nxd5 Qxd5 12. Qxd5 Rxd5 13. d4 Bf6 14.
Be3 c6 15. Rfd1 Bg4 16. f3 Re8 17. Kf2 Be6 18. b3 Red8 19. Rac1 a6 20. h3 h6
21. Ke1 Re8 22. Kf2 Bh4+ 23. g3 Bf6 24. h4 Rf5 25. Nf4 Bd5 26. Nxd5 Rxd5 27.
Rc5 Red8 28. Rxd5 Rxd5 29. Ke2 Kf8 30. Kd3 h5 31. Rc1 Be7 32. Rd1 Bd6 33. f4
Ke7 34. Re1 Ke6 35. Ke4 Bb4 36. Rd1 Bc3 37. Rd3 Bb2 38. Rd2 Ba3 39. Kf3 Kf5 40.
Rg2 g6 41. Rc2 Ke6 42. Ke4 Rd8 43. Rf2 f5+ 44. Kf3 Kd5 45. Rc2 Re8 46. Bf2 Re4
47. Be3 Be7 48. a4 b6 49. Ke2 Bf6 50. Kd3 Bxd4 51. Bxd4 Rxd4+ 52. Kc3 c5 53.
Re2 Re4 54. Rd2+ Kc6 55. Rd3 Re2 56. Rd8 Re3+ 57. Kc2 Rxg3 58. Rg8 b5 59. axb5+
axb5 60. Rc8+ Kb6 61. Rb8+ Ka5 62. Rc8 Kb4 63. Rc6 Rg4 64. Rb6 Rxf4 65. Rxg6
Rxh4 66. Rg5 Rf4 67. Rxh5 Rf2+ 68. Kc1 Kxb3 69. Rh3+ Kb4 70. Rh5 c4 0-1

[Event "VII Weekend A"]
[Site "Porto Sant'Elpidio ITA"]
[Date "2004.11.14"]
[Round "3"]
[White "Mircoli, Filippo"]
[Black "Paci, Stefano"]
[Result "0-1"]
[WhiteElo "1922"]
[BlackElo "2003"]
[PlyCount "70"]
[EventDate "2004.11.13"]

1. e4 c6 2. d4 d5 3. Nc3 dxe4 4. Nxe4 Bf5 5. Ng3 Bg6 6. Nf3 Nd7 7. Bc4 e6 8.
O-O Ngf6 9. Ne5 Bd6 10. f4 O-O 11. Nxg6 hxg6 12. Qf3 Qb6 13. c3 c5 14. Ne4 Nxe4
15. Qxe4 Nf6 16. Qd3 cxd4 17. cxd4 Rfd8 18. Kh1 Rac8 19. Bd2 Be7 20. Bc3 Nd5
21. Rae1 Bf6 22. Bb3 Nb4 23. Qd2 Nc6 24. d5 exd5 25. Bxf6 gxf6 26. Rd1 d4 27.
Qd3 Kg7 28. Rf3 Re8 29. a3 Re3 30. Qc4 Rc7 31. Rxe3 dxe3 32. Qd3 Re7 33. Re1 e2
34. Qd5 Qf2 35. Qd2 Qf1+ 0-1